000 00837nam a2200265 i 4500
001 bg
100 1 _aALPATOV, M. V.
245 0 0 _aHistoria sztuki.
_nT.1,
_pStarożytność /
_cMichał W. Ałpatow ; [tł. z niem. Maria Kurecka i Witold Wirpsza].
250 _aWyd.4.
260 _aWarszawa :
_b"Arkady",
_c1982.
300 _a205, [1] s., 185 s. tabl. :
_bfot. (w tym kolor.), rys. ;
_c21 cm.
500 _aTł. wg autoryzowanego wyd. niem.
650 9 _aSztuka
_xhistoria
_ydo 5 w.
700 1 _aKURECKA, Maria.
_eTł.
700 1 _aWIRPSZA, Witold.
_eTł.
020 _a8321331211 (całość)
020 _a832133122X (t.1)
040 _cBPK
041 1 _apol
_hger
080 _a7.032
920 _a83-213-3121-1 (całość)
920 _a83-213-31-22-X (t.1)
942 _cKS
008 s pl f |000 0 pol
999 _c46918
_d46918
856 _uhttp://koha.tu.koszalin.pl/cgi-bin/koha/opac-detail.pl?biblionumber=46918
_yKatalog online BPK